WWE - Bret Hart's PPV Opponents - Statistics

General Stats
  • This quiz has been taken 635 times
  • The average score is 57 of 106
Answer Stats
Year Event Match Type Answer % Correct
1992 Survivor Series Shawn Michaels
96%
1993 Survivor Series 4 vs. 4 Elimination Match Shawn Michaels
96%
1996 WrestleMania XII 60-Minute Iron Man Match Shawn Michaels
96%
1997 Survivor Series Shawn Michaels
96%
1994 WrestleMania X Owen Hart
93%
1994 SummerSlam Steel Cage Match Owen Hart
93%
1996 Survivor Series Stone Cold Steve Austin
91%
1997 In Your House 13: Final Four 4-Way Elimination Match Stone Cold Steve Austin
91%
1997 WrestleMania 13 Submission Match Stone Cold Steve Austin
91%
1997 In Your House 14: Revenge of The 'Taker Stone Cold Steve Austin
91%
1997 In Your House 16: Canadian Stampede 10-Man Tag Team Match Stone Cold Steve Austin
91%
1990 Survivor Series 4 vs. 4 Elimination Match The Undertaker
88%
1996 Royal Rumble The Undertaker
88%
1997 In Your House 13: Final Four 4-Way Elimination Match The Undertaker
88%
1997 SummerSlam The Undertaker
88%
1997 One Night Only The Undertaker
88%
1993 WrestleMania IX Yokozuna
88%
1994 WrestleMania X Yokozuna
88%
2010 WrestleMania XXVI No Holds Barred Lumberjack Match Vince McMahon
82%
1992 SummerSlam The British Bulldog
81%
1994 King of the Ring Diesel
77%
1995 Royal Rumble Diesel
77%
1995 Survivor Series No DQ Match Diesel
77%
1996 In Your House 6: Rage in the Cage Steel Cage Match Diesel
77%
2010 SummerSlam 7 vs. 7 Elimination Match Wade Barrett
73%
1993 Royal Rumble Razor Ramon
71%
1993 King of the Ring KOTR Quarter-Finals Razor Ramon
71%
1992 WrestleMania VIII Roddy Piper
69%
2010 SummerSlam 7 vs. 7 Elimination Match Heath Slater
65%
2010 SummerSlam 7 vs. 7 Elimination Match David Otunga
64%
1993 SummerSlam Jerry Lawler
63%
1995 In Your House: Premiere Jerry Lawler
63%
1995 King of the Ring "Kiss My Foot" Match Jerry Lawler
63%
1991 Survivor Series 4 vs. 4 Elimination Match Ric Flair
63%
2010 SummerSlam 7 vs. 7 Elimination Match Justin Gabriel
62%
1996 In Your House 12: It's Time Sycho Sid
61%
1990 Survivor Series 4 vs. 4 Elimination Match Ted DiBiase
60%
1991 Survivor Series 4 vs. 4 Elimination Match Ted DiBiase
60%
1997 In Your House 13: Final Four 4-Way Elimination Match Vader
60%
1997 In Your House 18: Badd Blood Tag Team Flag Match Vader
60%
1997 In Your House 16: Canadian Stampede 10-Man Tag Team Match Animal
59%
1994 Survivor Series Submission Match Bob Backlund
59%
1995 WrestleMania XI "I Quit" Match Bob Backlund
59%
1997 In Your House 16: Canadian Stampede 10-Man Tag Team Match Hawk
59%
1991 SummerSlam Mr. Perfect
59%
1993 King of the Ring KOTR Semi-Finals Mr. Perfect
59%
1988 SummerSlam Ax
58%
1988 Survivor Series 10 vs. 10 Elimination Match Ax
58%
1990 SummerSlam 2 / 3 Falls Tag Team Match Ax
58%
1988 SummerSlam Smash
57%
1988 Survivor Series 10 vs. 10 Elimination Match Smash
57%
1990 SummerSlam 2 / 3 Falls Tag Team Match Smash
57%
2010 SummerSlam 7 vs. 7 Elimination Match Darren Young
56%
2010 SummerSlam 7 vs. 7 Elimination Match Skip Sheffield
56%
1987 WrestleMania III 6-Man Tag Team Match The Dynamite Kid
55%
1987 Survivor Series 10 vs. 10 Elimination Match The Dynamite Kid
55%
2010 SummerSlam 7 vs. 7 Elimination Match Michael Tarver
51%
1987 WrestleMania III 6-Man Tag Team Match Davey Boy Smith
50%
1987 Survivor Series 10 vs. 10 Elimination Match Davey Boy Smith
50%
1997 In Your House 16: Canadian Stampede 10-Man Tag Team Match Goldust
48%
1989 WrestleMania V Tag Team Match The Honky Tonk Man
47%
1990 Survivor Series 4 vs. 4 Elimination Match The Honky Tonk Man
47%
1993 King of the Ring KOTR Finals Bam Bam Bigelow
45%
1987 Survivor Series 10 vs. 10 Elimination Match Tito Santana
45%
1987 WrestleMania III 6-Man Tag Team Match Tito Santana
44%
1987 Survivor Series 10 vs. 10 Elimination Match Rick Martel
43%
1997 In Your House 16: Canadian Stampede 10-Man Tag Team Match Ken Shamrock
40%
1993 SummerSlam Doink the Clown
38%
1994 Royal Rumble Tag Team Match Jacques Rougeau
37%
1991 WrestleMania VII Tag Team Match Jerry Sags
37%
1991 WrestleMania VII Tag Team Match Brian Knobbs
36%
1997 In Your House 17: Ground Zero The Patriot
36%
1997 In Your House 18: Badd Blood Tag Team Flag Match The Patriot
36%
1989 WrestleMania V Tag Team Match Greg Valentine
35%
1990 Survivor Series 4 vs. 4 Elimination Match Greg Valentine
35%
1988 Survivor Series 10 vs. 10 Elimination Match Arn Anderson
32%
1989 SummerSlam Tag Team Match Arn Anderson
32%
1995 SummerSlam Isaac Yankem DDS
31%
1988 Survivor Series 10 vs. 10 Elimination Match Nikolai Volkoff
31%
1990 WrestleMania VI Tag Team Match Nikolai Volkoff
31%
1994 Royal Rumble Tag Team Match Pierre Ouellette
31%
1993 Survivor Series 4 vs. 4 Elimination Match The Blue Knight
30%
1991 Survivor Series 4 vs. 4 Elimination Match The Mountie
30%
1993 Survivor Series 4 vs. 4 Elimination Match The Red Knight
30%
1993 Survivor Series 4 vs. 4 Elimination Match The Black Knight
29%
1991 Survivor Series 4 vs. 4 Elimination Match The Warlord
29%
1988 Survivor Series 10 vs. 10 Elimination Match Tully Blanchard
28%
1989 SummerSlam Tag Team Match Tully Blanchard
28%
1987 Survivor Series 10 vs. 10 Elimination Match B. Brian Blair
27%
1995 In Your House: Premiere Hakushi
27%
1987 Survivor Series 10 vs. 10 Elimination Match Jim Brunzell
27%
1987 Survivor Series 10 vs. 10 Elimination Match Raymond Rougeau
27%
1988 Survivor Series 10 vs. 10 Elimination Match Raymond Rougeau
27%
1989 Royal Rumble 6-Man Tag Team Match Raymond Rougeau
27%
1987 Survivor Series 10 vs. 10 Elimination Match Jacques Rougeau
26%
1988 Survivor Series 10 vs. 10 Elimination Match Jacques Rougeau
26%
1989 Royal Rumble 6-Man Tag Team Match Jacques Rougeau
26%
1987 Survivor Series 10 vs. 10 Elimination Match Paul Roma
24%
1989 Royal Rumble 6-Man Tag Team Match Dino Bravo
23%
1988 Survivor Series 10 vs. 10 Elimination Match Boris Zhukov
21%
1990 WrestleMania VI Tag Team Match Boris Zhukov
21%
1991 This Tuesday in Texas Skinner
21%
1987 Survivor Series 10 vs. 10 Elimination Match Jim Powers
19%
1988 Survivor Series 10 vs. 10 Elimination Match Dos
12%
1988 Survivor Series 10 vs. 10 Elimination Match Uno
12%
1995 In Your House 3: Triple Header Jean-Pierre Lafitte
10%
No matching quizzes found
Score Distribution
Percent of People with Each Score
Percentile by Number Answered
Your Score History
You have not taken this quiz